Statystyki dla Alfabet podwójnie w 18 sekund

Kliknij tutaj aby rozwiązać quiz!

Ogólne statystyki

  • Ten quiz został rozwiązany 115 razy
  • Średni wynik to 24 z 46

Statystyki odpowiedzi

HintOdpowiedź% Poprawnych
1.a
100%
2.b
94%
3.c
92%
4.d
92%
5.e
92%
6.f
92%
7.g
90%
8.h
90%
10.j
90%
11.k
90%
9.i
88%
12.l
88%
13.m
88%
14.n
88%
15.o
88%
16.p
88%
17.r
78%
18.s
78%
19.t
71%
20.u
67%
21.w
65%
22.y
47%
23.z
43%
1.a
39%
2.b
37%
3.c
37%
4.d
35%
5.e
35%
6.f
31%
7.g
29%
8.h
24%
9.i
24%
10.j
22%
11.k
22%
12.l
22%
13.m
22%
14.n
22%
15.o
22%
16.p
20%
17.r
16%
18.s
16%
19.t
12%
20.u
10%
21.w
8%
22.y
6%
23.z
6%

Rozkład punktacji

Percentyl według liczby udzielonych odpowiedzi

Procent ludzi z każdym wynikiem

Twoja historia wyników

Nie rozwiązałeś tego quizu